[Event "Florianopolis op 10th"]
[Site "Florianopolis"]
[Date "2024.01.26"]
[Round "8"]
[White "Campos, Maria Jose"]
[Black "Flores Quillas, Diego Saul Rodrigo"]
[Result "0-1"]
[WhiteElo "2208"]
[BlackElo "2429"]
[PlyCount "77"]
[EventDate "2024.01.20"]
[EventType "swiss"]
[EventRounds "10"]
[EventCountry "BRA"]
[SourceTitle "CB05_2024"]
[SourceDate "2024.01.31"]
[SourceVersion "1"]
[SourceVersionDate "2024.01.31"]
[SourceQuality "1"]

1. c4 e5 2. g3 c6 3. Nf3 e4 4. Nd4 Qb6 5. e3 Nf6 6. Nc3 d5 7. Bg2 Bb4 8. 0-0 0-0 9. a3 Bxc3 10. bxc3 dxc4 11. a4 c5 12. Nb5 Bg4 13. f3 exf3 14. Bxf3 Bh3 15. Na3 Nbd7 16. Nxc4 Qe6 17. d3 Bxf1 18. Qxf1 Ne5 19. Nxe5 Qxe5 20. Bxb7 Rab8 21. d4 Qc7 22. Ba6 Rfe8 23. Bb5 Re7 24. c4 a6 25. Bxa6 Qa7 26. Bb5 cxd4 27. Ba3 Rxe3 28. Qf5 Ne4 29. c5 g6 30. Qf4 Rd8 31. Bc4 Nd2 32. Qf6 Rde8 33. Bd5 Qd7 34. Bc6 Qh3 35. Bg2 Re1+ 36. Rxe1 Rxe1+ 37. Kf2 Rf1+ 38. Ke2 Qxg2+ 39. Kd3 0-1

[Event "Florianopolis op 10th"]
[Site "Florianopolis"]
[Date "2024.01.24"]
[Round "6"]
[White "Umetsubo, Cesar Hidemitsu"]
[Black "Flores Quillas, Diego Saul Rodrigo"]
[Result "1/2-1/2"]
[WhiteElo "2349"]
[BlackElo "2429"]
[PlyCount "95"]
[EventDate "2024.01.20"]
[EventType "swiss"]
[EventRounds "10"]
[EventCountry "BRA"]
[SourceTitle "CB05_2024"]
[SourceDate "2024.01.31"]
[SourceVersion "1"]
[SourceVersionDate "2024.01.31"]
[SourceQuality "1"]

1. d4 Nf6 2. c4 e6 3. Nc3 Bb4 4. Qc2 d5 5. cxd5 Qxd5 6. Nf3 0-0 7. Bd2 Bxc3 8. Bxc3 b6 9. g3 Bb7 10. Bg2 Qh5 11. Nh4 Bxg2 12. Nxg2 Nbd7 13. Nf4 Qf5 14. Qxf5 exf5 15. f3 Rfe8 16. Kf2 Rac8 17. Rac1 c6 18. Rc2 Nf8 19. Nd3 Ne6 20. e3 c5 21. dxc5 Nxc5 22. Nxc5 Rxc5 23. Rcc1 Rec8 24. Bd2 Rc2 25. Ke2 h5 26. h4 Nd7 27. Rxc2 Rxc2 28. Rb1 f6 29. Kd3 Rc6 30. Rc1 Rxc1 31. Bxc1 Kf7 32. b3 Ke6 33. Bb2 Ne5+ 34. Bxe5 Kxe5 35. Kc4 g5 36. Kd3 Kd5 37. Kd2 f4 38. gxf4 gxf4 39. Kd3 fxe3 40. Kxe3 Ke5 41. f4+ Kd5 42. Kd3 b5 43. Ke3 a5 44. Kd3 a4 45. Ke3 axb3 46. axb3 b4 47. Kd3 f5 48. Ke3 1/2-1/2

[Event "Titled Tuesday intern op 12th Dec Early"]
[Site "Chess.com INT"]
[Date "2023.12.12"]
[Round "3"]
[White "Cardozo Munar, Carlos Eduardo"]
[Black "Flores Quillas, Diego Saul Rodrigo"]
[Result "0-1"]
[WhiteElo "2043"]
[BlackElo "2419"]
[PlyCount "64"]
[EventDate "2023.12.12"]
[EventType "swiss (blitz)"]
[EventRounds "11"]
[EventCountry "USA"]
[SourceTitle "CB51_2023"]
[SourceDate "2023.12.20"]
[SourceVersion "1"]
[SourceVersionDate "2023.12.20"]
[SourceQuality "1"]

1. g3 d5 2. Bg2 c6 3. Nf3 Bf5 4. d4 e6 5. 0-0 h6 6. Nbd2 Nf6 7. Re1 Nbd7 8. Ne5 Bd6 9. Nxd7 Qxd7 10. c3 0-0 11. Qb3 c5 12. dxc5 Bxc5 13. e4 Ng4 14. exf5 Bxf2+ 15. Kf1 Bxe1 16. Kxe1 exf5 17. h3 Rfe8+ 18. Kf1 Ne3+ 19. Kg1 Nxg2 20. Kxg2 Re2+ 21. Kf1 Rae8 22. Nf3 f4 23. g4 h5 24. Qd1 hxg4 25. hxg4 Qxg4 26. Qxe2 Rxe2 27. Kxe2 Qg2+ 28. Kd3 Qxf3+ 29. Kc2 Qe2+ 30. Bd2 f3 31. Re1 Qc4 32. b3 Qa6 0-1

[Event "Titled Tuesday intern op 12th Dec Early"]
[Site "Chess.com INT"]
[Date "2023.12.12"]
[Round "6"]
[White "Corrales Jimenez, Fidel"]
[Black "Flores Quillas, Diego Saul Rodrigo"]
[Result "1-0"]
[WhiteElo "2527"]
[BlackElo "2419"]
[PlyCount "81"]
[EventDate "2023.12.12"]
[EventType "swiss (blitz)"]
[EventRounds "11"]
[EventCountry "USA"]
[SourceTitle "CB51_2023"]
[SourceDate "2023.12.20"]
[SourceVersion "1"]
[SourceVersionDate "2023.12.20"]
[SourceQuality "1"]

1. e4 c5 2. b3 Nf6 3. Qf3 Nc6 4. Bb2 e5 5. Bc4 Be7 6. Ne2 0-0 7. Nbc3 d6 8. h3 Be6 9. Nd5 Rb8 10. Nxf6+ Bxf6 11. Nc3 Nd4 12. Qd3 b5 13. Nxb5 d5 14. Nxd4 exd4 15. exd5 Bxd5 16. Bxd5 Qxd5 17. 0-0 h5 18. Rfe1 Rfe8 19. Kf1 h4 20. a4 Rxe1+ 21. Rxe1 c4 22. bxc4 Qd6 23. Re4 Rd8 24. Qe2 g6 25. Re8+ Rxe8 26. Qxe8+ Kg7 27. Qe4 Qc5 28. Qd3 Qd6 29. Kg1 Qe5 30. Kf1 Qd6 31. Ba1 Qe5 32. f3 g5 33. c3 Qh2 34. cxd4 Qh1+ 35. Kf2 Qxa1 36. d5 Qe5 37. Qe3 Qxe3+ 38. Kxe3 Kf8 39. Ke4 Ke7 40. Kf5 a5 41. d6+ 1-0

[Event "Titled Tuesday intern op 12th Dec Early"]
[Site "Chess.com INT"]
[Date "2023.12.12"]
[Round "7"]
[White "Flores Quillas, Diego Saul Rodrigo"]
[Black "Garrido, Denis"]
[Result "0-1"]
[WhiteElo "2419"]
[BlackElo "2227"]
[PlyCount "52"]
[EventDate "2023.12.12"]
[EventType "swiss (blitz)"]
[EventRounds "11"]
[EventCountry "USA"]
[SourceTitle "CB51_2023"]
[SourceDate "2023.12.20"]
[SourceVersion "1"]
[SourceVersionDate "2023.12.20"]
[SourceQuality "1"]

1. e4 d6 2. d4 Nf6 3. Nc3 e5 4. Nf3 Nbd7 5. Bc4 Be7 6. 0-0 c6 7. a4 Qc7 8. Ba2 h6 9. Re1 Nf8 10. h3 g5 11. Be3 Rg8 12. dxe5 dxe5 13. Nd2 Ng6 14. Nf1 g4 15. hxg4 Nxg4 16. Ng3 Nxe3 17. Rxe3 Nf4 18. Nce2 Bg4 19. Qe1 Bxe2 20. Rxe2 Bc5 21. Kf1 Qe7 22. Nf5 Qg5 23. g3 Qh5 24. Nh4 Qg4 25. Re3 Qh3+ 26. Kg1 Rxg3+ 0-1

[Event "Titled Tuesday intern op 12th Dec Early"]
[Site "Chess.com INT"]
[Date "2023.12.12"]
[Round "1"]
[White "Flores Quillas, Diego Saul Rodrigo"]
[Black "Nepomniachtchi, Ian"]
[Result "0-1"]
[WhiteElo "2419"]
[BlackElo "2771"]
[PlyCount "46"]
[EventDate "2023.12.12"]
[EventType "swiss (blitz)"]
[EventRounds "11"]
[EventCountry "USA"]
[SourceTitle "CB51_2023"]
[SourceDate "2023.12.20"]
[SourceVersion "1"]
[SourceVersionDate "2023.12.20"]
[SourceQuality "1"]

1. e4 c5 2. Nf3 d6 3. d4 cxd4 4. Nxd4 Nf6 5. f3 e5 6. Nb3 Be7 7. c4 a5 8. Be3 a4 9. N3d2 Nc6 10. Nc3 Qa5 11. Rc1 Be6 12. Ndb1 0-0 13. Be2 Nd4 14. Bxd4 exd4 15. Qxd4 Bd8 16. Qd2 Qc5 17. Nd5 Bxd5 18. cxd5 Qa7 19. Na3 Ba5 20. Rc3 Rac8 21. Nb5 Qb6 22. Qd4 Qxd4 23. Nxd4 Rxc3 0-1

[Event "Iberoamerican-ch 9th"]
[Site "Panama City"]
[Date "2023.11.28"]
[Round "5"]
[White "Flores Quillas, Diego Saul Rodrigo"]
[Black "Miranda Mesa, Elier"]
[Result "1/2-1/2"]
[WhiteElo "2414"]
[BlackElo "2490"]
[PlyCount "98"]
[EventDate "2023.11.25"]
[EventType "swiss"]
[EventRounds "9"]
[EventCountry "PAN"]
[SourceTitle "CB49_2023"]
[SourceDate "2023.12.06"]
[SourceVersion "1"]
[SourceVersionDate "2023.12.06"]
[SourceQuality "1"]

1. e4 c6 2. d4 d5 3. Nc3 dxe4 4. Nxe4 Bf5 5. Ng3 Bg6 6. h4 h6 7. Nf3 e6 8. Ne5 Bh7 9. Bd3 Bxd3 10. Qxd3 Nd7 11. f4 Bb4+ 12. c3 Be7 13. Bd2 Ngf6 14. 0-0-0 0-0 15. Kb1 c5 16. Be3 Qc7 17. Ne4 Nxe4 18. Qxe4 f5 19. Qf3 Nxe5 20. dxe5 Rad8 21. h5 Rxd1+ 22. Rxd1 Rd8 23. Rxd8+ Qxd8 24. Kc2 Qd7 25. b3 Kf7 26. Bf2 Qb5 27. c4 Qd7 28. g4 fxg4 29. Qxg4 Kf8 30. Be3 a6 31. Qg6 Qc6 32. Kd3 Qh1 33. Qxe6 Qb1+ 34. Ke2 Qc2+ 35. Kf3 Qd1+ 36. Kg2 Qe2+ 37. Bf2 Qe4+ 38. Kg3 Bh4+ 39. Kxh4 Qxf4+ 40. Kh3 Qxf2 41. Qc8+ Ke7 42. Qxb7+ Ke8 43. Qc6+ Ke7 44. Qd6+ Ke8 45. Qg6+ Kf8 46. Kg4 Qg2+ 47. Kf5 Qf3+ 48. Ke6 Qc6+ 49. Kf5 Qf3+ 1/2-1/2

[Event "Pan American-ch U20"]
[Site "Vila Santa Cecilia"]
[Date "2023.11.06"]
[Round "1.1"]
[White "Montes Orozco, Miguel Angel"]
[Black "Flores Quillas, Diego Saul Rodrigo"]
[Result "0-1"]
[WhiteElo "2097"]
[BlackElo "2414"]
[PlyCount "86"]
[EventDate "2023.11.06"]
[EventType "swiss"]
[EventRounds "9"]
[EventCountry "BRA"]
[SourceTitle "CB46_2023"]
[SourceDate "2023.11.15"]
[SourceVersion "1"]
[SourceVersionDate "2023.11.15"]
[SourceQuality "1"]

1. e4 c5 2. Nf3 d6 3. Bb5+ Nd7 4. a4 Ngf6 5. Nc3 a6 6. Be2 b6 7. d4 cxd4 8. Qxd4 e5 9. Qe3 Bb7 10. 0-0 Qc7 11. Rd1 Be7 12. Nd2 Nc5 13. b3 Ne6 14. Bb2 Nd4 15. Rac1 0-0 16. Bf1 Rad8 17. Ne2 Ne6 18. c4 Ng4 19. Qg3 Nh6 20. Nc3 Bg5 21. Nd5 Qb8 22. h4 Bf4 23. Qd3 Nc5 24. Qc2 Bxd5 25. exd5 a5 26. g3 Bxd2 27. Rxd2 f5 28. Re1 f4 29. Ba3 Nf5 30. Bxc5 bxc5 31. Bh3 Nd4 32. Rxd4 cxd4 33. Be6+ Kh8 34. g4 Qb4 35. Rb1 f3 36. Kh2 g6 37. Kg3 Rb8 38. Bd7 Rf4 39. Bb5 Rbf8 40. Rd1 Kg7 41. Bd7 Rb8 42. Bb5 Qc5 43. Qd2 Qc8 0-1

[Event "Wch U20 60th"]
[Site "Mexico City"]
[Date "2023.09.29"]
[Round "8"]
[White "Petkov, Momchil"]
[Black "Flores Quillas, Diego Saul Rodrigo"]
[Result "1/2-1/2"]
[WhiteElo "2499"]
[BlackElo "2357"]
[PlyCount "105"]
[EventDate "2023.09.21"]
[EventType "swiss"]
[EventRounds "11"]
[EventCountry "MEX"]
[SourceTitle "EXT 2024"]
[Source "ChessBase"]
[SourceDate "2023.10.10"]
[SourceVersion "1"]
[SourceVersionDate "2023.10.10"]
[SourceQuality "1"]

1. d4 Nf6 2. c4 e6 3. Nf3 Bb4+ 4. Bd2 a5 5. a3 Bxd2+ 6. Qxd2 d6 7. Nc3 Nc6 8. e4 e5 9. d5 Ne7 10. Be2 h6 11. g3 0-0 12. Nh4 Nd7 13. Na4 Nf6 14. Qc2 b6 15. 0-0-0 Nh7 16. Bd3 Bh3 17. Nc3 g5 18. Nf5 Nxf5 19. exf5 g4 20. Bf1 Bxf1 21. Rdxf1 Ng5 22. f4 Nh3 23. fxe5 Qg5+ 24. Kb1 dxe5 25. Ne4 Qg7 26. Rd1 Rad8 27. Qe2 h5 28. Qe3 f6 29. Rhe1 Rf7 30. c5 bxc5 31. Nxc5 Qh7 32. Rf1 Ng5 33. Ka1 Nf3 34. Ne6 Rd6 35. Qe4 Qh6 36. Qa4 Rfd7 37. Qxa5 Nd4 38. Qa8+ Kf7 39. Nxd4 Rxd5 40. Qc6 exd4 41. Qe6+ Kg7 42. Qe8 Qh7 43. Rde1 Kh6 44. Re6 Qg7 45. Rfe1 d3 46. Re7 Rxe7 47. Rxe7 d2 48. Rxg7 d1Q+ 49. Ka2 Kxg7 50. Qe7+ Kg8 51. Qe8+ Kg7 52. Qe7+ Kg8 53. Qe8+ 1/2-1/2

[Event "Wch U20 60th"]
[Site "Mexico City"]
[Date "2023.09.27"]
[Round "6"]
[White "Vignesh, B1111"]
[Black "Flores Quillas, Diego Saul Rodrigo"]
[Result "0-1"]
[WhiteElo "2173"]
[BlackElo "2357"]
[PlyCount "68"]
[EventDate "2023.09.21"]
[EventType "swiss"]
[EventRounds "11"]
[EventCountry "MEX"]
[SourceTitle "EXT 2024"]
[Source "ChessBase"]
[SourceDate "2023.10.10"]
[SourceVersion "1"]
[SourceVersionDate "2023.10.10"]
[SourceQuality "1"]

1. Nf3 c5 2. c4 Nc6 3. Nc3 g6 4. g3 Bg7 5. Bg2 e6 6. 0-0 Nge7 7. d3 d5 8. cxd5 exd5 9. Bf4 0-0 10. Rc1 h6 11. h4 Bg4 12. Nh2 Be6 13. Nb5 Rc8 14. Nd6 Rc7 15. Nb5 Rd7 16. Qd2 Nf5 17. Nf3 b6 18. Rfd1 Kh7 19. Na3 Re8 20. e3 f6 21. g4 Nxh4 22. Nxh4 g5 23. Nf5 gxf4 24. d4 Bxf5 25. gxf5 fxe3 26. fxe3 h5 27. Qe2 Bh6 28. Qxh5 Rg7 29. Rf1 Rxe3 30. Kf2 Qd6 31. Qh4 Nxd4 32. Rce1 Nxf5 33. Qh5 Qg3+ 34. Kg1 Qxg2# 0-1

[Event "South America-ch 1st"]
[Site "Lima"]
[Date "2023.09.15"]
[Round "2"]
[White "Flores Quillas, Diego Saul Rodrigo"]
[Black "Reyes Zavaleta, Cristhian Yamil"]
[Result "1-0"]
[WhiteElo "2357"]
[BlackElo "1787"]
[PlyCount "64"]
[EventDate "2023.09.14"]
[EventType "swiss"]
[EventRounds "9"]
[EventCountry "PER"]
[SourceTitle "EXT 2024"]
[Source "ChessBase"]
[SourceDate "2023.10.10"]
[SourceVersion "1"]
[SourceVersionDate "2023.10.10"]
[SourceQuality "1"]

1. e4 e6 2. d4 d5 3. Nc3 Nf6 4. Bg5 Bb4 5. e5 h6 6. Bh4 g5 7. Bg3 Ne4 8. Nge2 c5 9. a3 Bxc3+ 10. Nxc3 Nxc3 11. bxc3 Qa5 12. Qd2 Nc6 13. dxc5 Qxc5 14. Bd3 Bd7 15. 0-0 0-0-0 16. Kh1 h5 17. f3 h4 18. Bf2 Qa5 19. Qxg5 h3 20. g4 Qxc3 21. Rfe1 Rdg8 22. Qf6 Qd2 23. Re2 Qc3 24. Ree1 Qd2 25. Kg1 Be8 26. Rad1 Qc3 27. a4 Rh5 28. Bg3 Rhg5 29. Qf4 Nd4 30. Re3 Qc5 31. Kh1 Bc6 32. Bf2 Ne2 1-0

[Event "South America-ch 1st"]
[Site "Lima"]
[Date "2023.09.14"]
[Round "1"]
[White "Guevara Hilario, Jose Antonio"]
[Black "Flores Quillas, Diego Saul Rodrigo"]
[Result "0-1"]
[WhiteElo "1861"]
[BlackElo "2357"]
[PlyCount "40"]
[EventDate "2023.09.14"]
[EventType "swiss"]
[EventRounds "9"]
[EventCountry "PER"]
[SourceTitle "EXT 2024"]
[Source "ChessBase"]
[SourceDate "2023.10.10"]
[SourceVersion "1"]
[SourceVersionDate "2023.10.10"]
[SourceQuality "1"]

1. d4 Nf6 2. Bf4 d5 3. e3 c5 4. Nc3 a6 5. Nf3 Nc6 6. h3 cxd4 7. exd4 Bf5 8. Nh4 Bg6 9. Nxg6 hxg6 10. Be2 e6 11. 0-0 Bd6 12. Qd2 Bxf4 13. Qxf4 Qb6 14. Rad1 Qxb2 15. Na4 Qxc2 16. Nb6 Rd8 17. Bd3 Qxa2 18. Qc7 0-0 19. Qxb7 Nxd4 20. Bxa6 Rb8 0-1

[Event "Asuncion CIT op"]
[Site "Asuncion"]
[Date "2023.08.16"]
[Round "7"]
[White "Toniutti, Ezio"]
[Black "Flores Quillas, Diego Saul Rodrigo"]
[Result "0-1"]
[WhiteElo "2182"]
[BlackElo "2300"]
[PlyCount "88"]
[EventDate "2023.08.12"]
[EventType "swiss"]
[EventRounds "9"]
[EventCountry "PAR"]
[SourceTitle "CBM 215 Extra"]
[Source "ChessBase"]
[SourceDate "2023.09.30"]
[SourceVersion "1"]
[SourceVersionDate "2023.09.30"]
[SourceQuality "1"]

1. d4 Nf6 2. c4 e6 3. Nf3 c5 4. d5 exd5 5. cxd5 d6 6. Nc3 g6 7. g3 Bg7 8. Bg2 0-0 9. 0-0 Re8 10. Bf4 Na6 11. Re1 Bg4 12. Qb3 Nh5 13. Bg5 Qd7 14. Rad1 Nc7 15. Kh1 b5 16. Ng1 Qf5 17. Bc1 c4 18. Qa3 Qxf2 19. Ne4 Rxe4 20. Bxe4 b4 21. Qe3 Qxe3 22. Bxe3 Re8 23. Bf3 Rxe3 24. Bxg4 Bxb2 25. Bxh5 gxh5 26. Rb1 c3 27. Rxb2 cxb2 28. Rb1 Nxd5 29. Rxb2 h4 30. Kg2 hxg3 31. hxg3 Ra3 32. Nf3 a5 33. Nd2 Ne3+ 34. Kh2 d5 35. Nb1 Nc4 36. Rc2 Re3 37. Kg2 b3 38. axb3 Rxb3 39. Rc1 a4 40. Nc3 Nb6 41. Rc2 a3 42. Nd1 d4 43. Rd2 Nc4 44. Rxd4 a2 0-1

[Event "Medellin Flores op 30th"]
[Site "Medellin"]
[Date "2023.08.05"]
[Round "4"]
[White "Cordoba Roa, Angel Gabriel"]
[Black "Flores Quillas, Diego Saul Rodrigo"]
[Result "0-1"]
[WhiteElo "2258"]
[BlackElo "2300"]
[PlyCount "60"]
[EventDate "2023.08.03"]
[EventType "swiss"]
[EventRounds "9"]
[EventCountry "COL"]
[SourceTitle "CBM 215 Extra"]
[Source "ChessBase"]
[SourceDate "2023.09.30"]
[SourceVersion "1"]
[SourceVersionDate "2023.09.30"]
[SourceQuality "1"]

1. e4 c5 2. Nf3 d6 3. d4 cxd4 4. Nxd4 Nf6 5. Nc3 Nc6 6. Bg5 e6 7. Qd3 Bd7 8. 0-0-0 a6 9. f4 Be7 10. Nf3 Qa5 11. a3 Rd8 12. Nd2 b5 13. Be2 0-0 14. Qg3 Qc7 15. Rhe1 Kh8 16. Qh4 b4 17. axb4 Nxb4 18. Nc4 Bb5 19. e5 dxe5 20. Rxd8 Bxd8 21. fxe5 Nfd5 22. Bxd8 Rxd8 23. Nd6 Rb8 24. Bxb5 axb5 25. Qd4 Nxc3 26. bxc3 Nd5 27. Kd2 f6 28. Ne4 Rd8 29. Kc1 Qa5 30. Kb2 b4 0-1

[Event "Medellin Flores op 30th"]
[Site "Medellin"]
[Date "2023.08.03"]
[Round "1"]
[White "Flores Quillas, Diego Saul Rodrigo"]
[Black "Gonzalez Mojica, Renan Arturo"]
[Result "1-0"]
[WhiteElo "2300"]
[BlackElo "1992"]
[PlyCount "81"]
[EventDate "2023.08.03"]
[EventType "swiss"]
[EventRounds "9"]
[EventCountry "COL"]
[SourceTitle "CBM 215 Extra"]
[Source "ChessBase"]
[SourceDate "2023.09.30"]
[SourceVersion "1"]
[SourceVersionDate "2023.09.30"]
[SourceQuality "1"]

1. e4 d6 2. d4 Nf6 3. Nc3 g6 4. f4 Bg7 5. Nf3 0-0 6. Bd3 Nc6 7. e5 dxe5 8. dxe5 Nd5 9. Bd2 Bg4 10. Be4 e6 11. h3 Bxf3 12. Qxf3 Nd4 13. Qf2 c5 14. 0-0 f6 15. exf6 Nxf6 16. Bd3 c4 17. Bxc4 Nxc2 18. Rac1 Nb4 19. Qe2 Kh8 20. Kh2 Re8 21. Bb5 Nc6 22. Bxc6 bxc6 23. Na4 e5 24. f5 Qd4 25. Rc4 Qd6 26. Bb4 Qc7 27. fxg6 e4+ 28. Kg1 hxg6 29. Bc3 Nh5 30. Rxe4 Rf8 31. Rxf8+ Rxf8 32. Re7 Qf4 33. Bxg7+ Nxg7 34. Qe5 Qf2+ 35. Kh2 Rf7 36. Rxf7 Qxf7 37. Nc3 Kh7 38. Ne4 Qxa2 39. Nf6+ Kh6 40. Qf4+ g5 41. Qe4 1-0

[Event "World op 51st"]
[Site "Philadelphia"]
[Date "2023.07.03"]
[Round "6"]
[White "Brady, Tyson"]
[Black "Flores Quillas, Diego Saul Rodrigo"]
[Result "1/2-1/2"]
[WhiteElo "2077"]
[BlackElo "2353"]
[PlyCount "115"]
[EventDate "2023.06.30"]
[EventType "swiss"]
[EventRounds "9"]
[EventCountry "USA"]
[SourceTitle "CBM 215 Extra"]
[Source "ChessBase"]
[SourceDate "2023.09.30"]
[SourceVersion "1"]
[SourceVersionDate "2023.09.30"]
[SourceQuality "1"]

1. e4 c5 2. Nf3 d6 3. Bb5+ Nd7 4. 0-0 a6 5. Bxd7+ Bxd7 6. d4 cxd4 7. Qxd4 e5 8. Qd3 h6 9. c4 b5 10. Nc3 bxc4 11. Qxc4 Nf6 12. Rd1 Be7 13. Be3 0-0 14. Rac1 Qb8 15. Rc2 Rc8 16. Qd3 Qb7 17. Nd2 Be6 18. Rdc1 Rc7 19. b3 Rac8 20. Na4 Rxc2 21. Rxc2 Rxc2 22. Qxc2 d5 23. exd5 Nxd5 24. Nc4 Nb4 25. Qe2 e4 26. Bc5 f5 27. Bxe7 Qxe7 28. Qd2 Qf6 29. Qc3 Nxa2 30. Qxf6 gxf6 31. Nc5 Bxc4 32. bxc4 Nb4 33. Kf1 Kf7 34. Ke2 Ke7 35. Nb7 f4 36. c5 Ke6 37. c6 Nxc6 38. Nc5+ Ke5 39. Nxa6 f3+ 40. gxf3 Nd4+ 41. Ke3 Nxf3 42. Nc5 f5 43. Nd7+ Kd6 44. Nf6 Nxh2 45. Kf4 Ke6 46. Nh5 Ng4 47. Ng7+ Kd5 48. Nxf5 Nxf2 49. Nxh6 Kd4 50. Nf5+ Kd3 51. Kg3 Nd1 52. Kf4 Nc3 53. Kg3 Nd5 54. Kf2 Kd2 55. Ng3 e3+ 56. Kf3 Kd3 57. Ne2 Nb4 58. Nc1+ 1/2-1/2

[Event "World op 51st"]
[Site "Philadelphia"]
[Date "2023.07.03"]
[Round "7"]
[White "Flores Quillas, Diego Saul Rodrigo"]
[Black "Yan, Benjamin"]
[Result "1-0"]
[WhiteElo "2353"]
[BlackElo "2097"]
[PlyCount "79"]
[EventDate "2023.06.30"]
[EventType "swiss"]
[EventRounds "9"]
[EventCountry "USA"]
[SourceTitle "CBM 215 Extra"]
[Source "ChessBase"]
[SourceDate "2023.09.30"]
[SourceVersion "1"]
[SourceVersionDate "2023.09.30"]
[SourceQuality "1"]

1. e4 e5 2. Nf3 Nc6 3. Bb5 Nf6 4. 0-0 Nxe4 5. d4 Nd6 6. Bxc6 dxc6 7. dxe5 Nf5 8. Qxd8+ Kxd8 9. h3 Ke8 10. Nc3 h5 11. b3 b6 12. Bb2 Bb7 13. Rad1 Be7 14. Rfe1 Rd8 15. Rxd8+ Bxd8 16. Ne4 h4 17. Bc1 c5 18. c3 Be7 19. Kh2 Bd5 20. g4 hxg3+ 21. fxg3 Kd7 22. Bg5 Bxg5 23. Nfxg5 Ke7 24. g4 Nh4 25. Kg3 Ng6 26. Nf2 a5 27. c4 Bc6 28. a4 Nf8 29. h4 Ne6 30. Nxe6 Kxe6 31. Nh3 Rd8 32. Nf4+ Ke7 33. h5 Rd4 34. g5 Kf8 35. e6 Re4 36. Rf1 Be8 37. exf7 Kxf7 38. Nd5+ Kg8 39. g6 Bd7 40. Rf7 1-0

[Event "World op 51st"]
[Site "Philadelphia"]
[Date "2023.07.01"]
[Round "3"]
[White "Flores Quillas, Diego Saul Rodrigo"]
[Black "Jacobson, Brandon"]
[Result "1-0"]
[WhiteElo "2353"]
[BlackElo "2557"]
[PlyCount "89"]
[EventDate "2023.06.30"]
[EventType "swiss"]
[EventRounds "9"]
[EventCountry "USA"]
[SourceTitle "CBM 215 Extra"]
[Source "ChessBase"]
[SourceDate "2023.09.30"]
[SourceVersion "1"]
[SourceVersionDate "2023.09.30"]
[SourceQuality "1"]

1. e4 e5 2. Nf3 Nc6 3. Bb5 a6 4. Ba4 Nf6 5. 0-0 d6 6. Re1 Bd7 7. c3 g6 8. d4 Bg7 9. d5 Ne7 10. Bxd7+ Nxd7 11. Be3 h6 12. Nfd2 f5 13. f3 f4 14. Bf2 g5 15. c4 0-0 16. Nc3 Rf6 17. b4 Rg6 18. c5 h5 19. Nc4 Nf6 20. b5 g4 21. b6 Nc8 22. Rb1 g3 23. hxg3 fxg3 24. Be3 Bh6 25. Qd2 Bxe3+ 26. Qxe3 cxb6 27. Nxb6 Nxb6 28. Rxb6 dxc5 29. Reb1 Rc8 30. Re6 Qc7 31. Rbb6 Rf8 32. f4 exf4 33. Qd3 Qh7 34. Qf3 Rh6 35. e5 Ng4 36. Rxh6 Nxh6 37. Qxh5 Nf5 38. Qxh7+ Kxh7 39. Ne4 Ne3 40. Ng5+ Kg8 41. Rg6+ Kh8 42. d6 Nc4 43. Re6 Nb6 44. Re7 Rf5 45. Nf3 1-0

[Event "Philadelphia op 16th"]
[Site "Philadelphia"]
[Date "2023.06.25"]
[Round "3"]
[White "Altman, Joshua"]
[Black "Flores Quillas, Diego Saul Rodrigo"]
[Result "1/2-1/2"]
[WhiteElo "2120"]
[BlackElo "2353"]
[PlyCount "97"]
[EventDate "2023.06.24"]
[EventType "swiss"]
[EventRounds "9"]
[EventCountry "USA"]
[SourceTitle "CBM 215 Extra"]
[Source "ChessBase"]
[SourceDate "2023.09.30"]
[SourceVersion "1"]
[SourceVersionDate "2023.09.30"]
[SourceQuality "1"]

1. d4 Nf6 2. c4 e6 3. Nf3 Bb4+ 4. Nbd2 0-0 5. a3 Be7 6. g3 b6 7. Bg2 Bb7 8. Qc2 c5 9. dxc5 bxc5 10. 0-0 Nc6 11. b3 a5 12. Bb2 a4 13. Ng5 h6 14. Bxf6 hxg5 15. Bxe7 Qxe7 16. e3 axb3 17. Qxb3 Na5 18. Qd3 Bxg2 19. Kxg2 Rfd8 20. e4 g4 21. Qe3 e5 22. Nb3 Nxc4 23. Qxc5 Qxc5 24. Nxc5 d6 25. Nd3 Nd2 26. Rfe1 Rdc8 27. Re2 Nb3 28. Raa2 Rc3 29. Re3 Nd4 30. Nxe5 Rxe3 31. fxe3 dxe5 32. exd4 exd4 33. Rd2 Ra4 34. Kf2 Kh7 35. Ke2 Kg6 36. Kd3 Kf6 37. Rf2+ Ke6 38. Rf4 f6 39. Rxg4 g5 40. h4 Rxa3+ 41. Kxd4 Ra5 42. hxg5 fxg5 43. Ke3 Re5 44. Kf3 Kf6 45. Kg2 Kg6 46. Kh2 Kh6 47. Kg2 Kg6 48. Kh2 Rb5 49. e5 1/2-1/2